LEADER 01553nam a2200301 a 4500 001 000000137069 003 CaOOAMICUS 005 20140117125433.0 008 140117s1981 it u000 u ita r 040 $aPUL$bita 110 2 $aUniversità Cattolica del Sacro Cuore.$bCorso di aggiornamento$n(51 :$d1981 :$cPescara).$0(OLS)http://pul/name/88243 245 10$aStato e senso dello stato oggi in Italia :$batti del 51. corso di aggiornamento culturale dell'Università Cattolica, Pescara, 20-25 settembre 1981 /$ccontributi di Giuseppe Lazzati ... [et al.]. 260 $aMilano :$bVita e pensiero,$c1981. 300 $a253 p. ;$c22 cm 490 1 $aPubblicazioni dell'Università Cattolica del Sacro Cuore 490 1 $aLe Api 504 $aBibliografia in nota. 650 4$aStato$zItalia$ySec. XX.$0(OLS)http://pul/subject/39993 700 1 $aLazzati, Giuseppe,$d1909-1986.$0(OLS)http://pul/name/1014 830 0$aPubblicazioni dell'Università Cattolica del Sacro Cuore.$0(OLS)http://pul/title/173257 830 3$aLe Api.$0(OLS)http://pul/title/7487 850 $aPUL 852 $aPUL$W1$xDP1 Fondo E. Rossi$y115$m3 A 330$j158080$qFondi$B157482$CPULBib$Z2$F157482 $82 941 1 $a1 961 $aSul dorso collocazione ms. di E. Rossi: CP 115 996 $6245$aStato e senso dello stato oggi in Italia :$batti del 51. corso di aggiornamento culturale dell'Università Cattolica, Pescara, 20-25 settembre 1981$9(OLS)http://pul/title/173510 996 $6260$aMilano :$bVita e pensiero$9(OLS)http://pul/publisher/48016 LEADER 01335nam a2200277 a 4500 001 000000154293 003 CaOOAMICUS 005 20160927093322.0 008 160927s1973 it 000 u ita r 032 $aLibriCat 040 $aPUL$bita 245 03$aIl ruolo del giudice nell'assetto costituzionale / $cdi Carlo Casini ... [et al.] ; presentazione di Elio Pasquariello ; in appendice Un discorso ai giovani di Piero Calamandrei. 260 $aFirenze :$bLibreria editrice fiorentina,$cstampa 1973. 300 $a52 p. ;$c24 cm. 490 1 $aQuaderni di Corea. Quinta serie. Gruppo il dialogo ;$v02 500 $aRiferimenti bibliografici in nota. 650 4$aDiritto costituzionale.$0(OLS)http://pul/subject/1174 700 1 $aPasquariello, Elio.$0(OLS)http://pul/name/98228 700 1 $aCasini, Carlo.$0(OLS)http://pul/name/28217 830 0$aQuaderni di Corea.$pQuinta serie. Gruppo il dialogo ;$v02.$0(OLS)http://pul/title/193891 850 $aPUL 852 $aPUL$W1$xDP1 Fondo G. Barberini$y122$m4 G 10$j177349$qFondi$B180321$CPULBib$Z2$F180321 $HBar870 $81 941 1 $a1 996 $6245$aIl ruolo del giudice nell'assetto costituzionale / $9(OLS)http://pul/title/193890 996 $6260$aFirenze :$bLibreria editrice fiorentina$9(OLS)http://pul/publisher/48392